Statistiques concernant Langue française: Le jeu des 8 lettres #7

Cliquez ici pour prendre le quiz!

Statistiques générales

  • Ce quiz a été pris 239 fois
  • Le résultat moyen est 12 sur 20

Statistiques - réponses

DéfinitionMot% Correct
..., Tes, SesMes
95%
Accompagne le prénomNom
94%
Grande étendue d'eau saléeMer
92%
Elle peut être une couleur, une fleur ou des ventsRose
89%
Accompagne le pas dans la négation classiqueNe
84%
Superman, Batman, Spiderman mais sans le superHéros
83%
Gros mammifère marin synonyme d'un langage codéMorse
83%
Ce que sont la testostérone et l'insulineHormones
72%
Vibration mécanique que l'on entendSon
66%
Grand oiseau échassier vivant près des cours d'eauHéron
58%
Unité du système international de la résistance électriqueOhm
56%
Ne pas être dansHors
55%
D'humeur chagrineMorose
51%
Synonyme de phénomène acoustique: phénomène ...Sonore
51%
Avoir l'audace, le courage de faire quelque-choseOser
45%
Fade, sombre, maussadeMorne
32%
Arbre à feuilles caduques dont le nom vient du latin UlmusOrme
30%
Prédication faite au cours d'une messeSermon
24%
Règle à laquelle se réfère tout jugementNorme
15%
Fier de quelque-choseHonoré
10%

Distribution des résultats

Percentile par nombre de réponses

% des personnes avec chaque résultat

Votre développement - résultats

Vous n’avez pas pris ce quiz